01228nam a2200313Ia 4500001001200000003000800012006001900020007001500039008004100054020001500095040002100110035002100131050002600152082001700178100002500195245008300220260007200303300001500375504006600390533015200456650003300608650002600641650002900667650003100696655002900727710001700756856012600773999001500899ebr10023013CaPaEBRm u cr cn|||||||||010129s2001 nyu sb 001 0 eng d z0312299281 aCaPaEBRcCaPaEBR a(OCoLC)55907447314aHV6322.7b.C35 2001eb04a304.6/632211 aCampbell, Kenneth J.10aGenocide and the global villageh[electronic resource] /cKenneth J. Campbell. aNew York ;aHoundmills, Basingstroke, Hampshire :bPalgrave,c2001. aix, 178 p. aIncludes bibliographical references (p. [149]-170) and index. aElectronic reproduction.bPalo Alto, Calif. :cebrary,d2009.nAvailable via World Wide Web.nAccess may be limited to ebrary affiliated libraries. 0aGenocidexGovernment policy. 0aGenocidexPrevention. 0aInternational relations. 0aInternational cooperation. 7aElectronic books.2local2 aebrary, Inc.40uhttp://site.ebrary.com/lib/rucke/Doc?id=10023013zAn electronic book accessible through the World Wide Web; click to view c7666d7666